It looks like you're offline.
Open Library logo
additional options menu

MARC record from Internet Archive

LEADER: 01099cam 2200325Ia 4500
001 ocm54957720
003 OCoLC
005 20210611081056.0
008 040415s2003 inua e 000 0 eng d
040 $aYQR$beng$cYQR$dOCLCQ$dOCLCF$dOCLCO$dOCLCQ
020 $a1592170226
020 $a9781592170227
028 52 $a141218$bHouse of White Birches
035 $a(OCoLC)54957720
100 1 $aWheeler, Beth.
245 10 $aEasy cardigans from sweatshirts /$cdesigns by Beth Wheeler.
246 1 $iAt head of title:$aQuilting
260 $aBerne, IN :$bHouse of White Birches,$c©2003.
300 $a24 pages :$bcolor illustrations (some black and white) ;$c28 cm
336 $atext$btxt$2rdacontent
337 $aunmediated$bn$2rdamedia
338 $avolume$bnc$2rdacarrier
500 $aCover title.
650 0 $aClothing and dress.
650 0 $aQuilting$vPatterns.
650 7 $aClothing and dress.$2fast$0(OCoLC)fst00864680
650 7 $aQuilting.$2fast$0(OCoLC)fst01085785
655 7 $aPatterns.$2fast$0(OCoLC)fst01424065
994 $aZ0$bP4A
948 $hNO HOLDINGS IN P4A - 0 OTHER HOLDINGS